000 00758nam a22001577a 4500
041 _aeng
080 _a82
090 _bKIP
100 _aKirilova, E. P.
245 _aLets talk about Professionals and Hobbies
260 _aМосква
_bВысшая школа
_c1982
300 _a221
520 _aПособие по английскому про профессии увлечения. Пособие разрабатывает малоосвященные в учебной литературе темы профессиональной деятельностии и отдыха современного человека.
_0Навчання, Англійська мова, Удосконалення
650 _aEnglish Practice
999 _c285194
_d285194
942 _cBK